| 000 | 00720nam a22001817a 4500 | ||
|---|---|---|---|
| 003 | BD-DhUL | ||
| 005 | 20160906192942.0 | ||
| 008 | 160906b1999 bg ||||| |||| 00| 0 ben d | ||
| 040 | _cBD-DhUL | ||
| 082 |
_a954.92 _bLOH |
||
| 100 | _aলোহানী, হাবিবুর রহমান খান | ||
| 245 |
_aহৃদয়ে একাত্তর / _cহাবিবুর রহমান খান লোহানী |
||
| 260 |
_aঢাকা : _bআলহাজ রেজিয়া আক্তার খানম, _c১৯৯৯ |
||
| 300 |
_a১১১ পৃ. : _c২১ সে.মি. |
||
| 650 | 0 | _aবাংলাদেশ-ইতিহাস | |
| 650 | 0 | _aBangladesh-history | |
| 942 |
_2ddc _cBK |
||
| 999 |
_c104525 _d104525 |
||